Sinh thái học ứng dụng trong quy hoạch và quản lý môi trường
Sách cung cấp cho độc giả kiến thức cơ bản về hệ sinh thái, hệ sinh thái môi trường đất, nước, sinh thái môi trường đô thị và nông thôn, các hệ sinh thái và nguyên lý sinh thái; nhằm giúp người đọc hiểu rõ vai trò, tầm quan trọng của các...
Wedi'i Gadw mewn:
| Prif Awdur: | |
|---|---|
| Fformat: | Llyfr |
| Iaith: | Undetermined |
| Cyhoeddwyd: |
Hà Nội
Xây dựng
2017
|
| Pynciau: | |
| Tagiau: |
Ychwanegu Tag
Dim Tagiau, Byddwch y cyntaf i dagio'r cofnod hwn!
|
| Thư viện lưu trữ: | Trung tâm Học liệu Trường Đại học Cần Thơ |
|---|
| LEADER | 01212nam a2200193Ia 4500 | ||
|---|---|---|---|
| 001 | CTU_230741 | ||
| 008 | 210402s9999 xx 000 0 und d | ||
| 020 | |c 115000 | ||
| 082 | |a 577.2 | ||
| 082 | |b Qu121 | ||
| 100 | |a Phạm, Văn Quân | ||
| 245 | 0 | |a Sinh thái học ứng dụng trong quy hoạch và quản lý môi trường | |
| 245 | 0 | |c Phạm Văn Quân (chủ biên), Vũ Quyết Thắng, Vũ Đình Thọ | |
| 260 | |a Hà Nội | ||
| 260 | |b Xây dựng | ||
| 260 | |c 2017 | ||
| 520 | |a Sách cung cấp cho độc giả kiến thức cơ bản về hệ sinh thái, hệ sinh thái môi trường đất, nước, sinh thái môi trường đô thị và nông thôn, các hệ sinh thái và nguyên lý sinh thái; nhằm giúp người đọc hiểu rõ vai trò, tầm quan trọng của các hệ sinh thái, ứng dụng các nguyên lý sinh thái trong quy hoạch, quản lý và bảo vệ môi trường. | ||
| 650 | |a Khoa học môi trường,Sinh thái môi trường,Environmental ecology,Environmental sciences | ||
| 980 | |a Trung tâm Học liệu Trường Đại học Cần Thơ | ||